[Event "Women's Speed Chess Q7"]
[Site "chess.com INT"]
[Date "2021.06.06"]
[Round "9"]
[White "Padmini, Rout"]
[Black "Pham, Le Thao Nguyen"]
[Result "1-0"]
[WhiteTitle "IM"]
[BlackTitle "IM"]
[WhiteElo "2370"]
[BlackElo "2369"]
[WhiteFideId "5029295"]
[BlackFideId "12401226"]
[EventDate "2021.06.06"]

1. e4 c6 2. Nc3 d5 3. Nf3 Bg4 4. h3 Bxf3 5. Qxf3 e6 6. d3 Nd7 7. Be2 Ngf6 8. O-O
Be7 9. d4 dxe4 10. Nxe4 Nxe4 11. Qxe4 Nf6 12. Qd3 O-O 13. c3 a5 14. Bf3 a4 15.
a3 Qa5 16. g3 Rfd8 17. Qc2 Nd5 18. Kg2 h6 19. Re1 Bf6 20. h4 Nb6 21. Be2 Qd5+
22. Bf3 Qb5 23. Qe4 Nc4 24. Kg1 Ra5 25. Bd1 Qd5 26. Bc2 Qxe4 27. Bxe4 e5 28.
dxe5 Rxe5 29. Kf1 Rde8 30. f3 h5 31. Bf4 Rb5 32. Bd3 Rxe1+ 33. Rxe1 g5 34. hxg5
Rc5 35. Bxc4 1-0

[Event "Women's Speed Chess Q7"]
[Site "chess.com INT"]
[Date "2021.06.06"]
[Round "9"]
[White "Corrales Jimenez, Zenia"]
[Black "Zawadzka, Jolanta"]
[Result "1-0"]
[WhiteTitle "WIM"]
[BlackTitle "WGM"]
[WhiteElo "2189"]
[BlackElo "2403"]
[WhiteFideId "3506355"]
[BlackFideId "1122320"]
[EventDate "2021.06.06"]

1. e4 c5 2. d4 Nc6 3. d5 Ne5 4. f4 Ng6 5. Nf3 d6 6. f5 Ne5 7. Nxe5 dxe5 8. Bb5+
Bd7 9. Bxd7+ Qxd7 10. O-O Nf6 11. Nc3 g6 12. Bg5 Bg7 13. fxg6 hxg6 14. Qf3 O-O-O
15. Rad1 Rh5 16. Be3 b6 17. h3 Kb8 18. a4 Rf8 19. a5 Ne8 20. axb6 axb6 21. Ra1
Nd6 22. Qe2 Qb7 23. b4 cxb4 24. Na4 Nxe4 25. Nxb6 Kc7 26. Qc4+ Kd6 27. Qxe4 f5
28. Qxb4+ Kc7 29. Qxe7+ Kb8 30. Nd7+ Kc8 31. Qxg7 Rd8 32. Qxg6 Rhh8 33. Qc6+
Qxc6 34. dxc6 Kc7 35. Ra7+ Kxc6 36. Nxe5+ Kd5 37. Nf3 Ke4 38. Bf2 Rhg8 39. Re1+
Kf4 40. Ra4+ 1-0

[Event "Women's Speed Chess Q7"]
[Site "chess.com INT"]
[Date "2021.06.06"]
[Round "9"]
[White "Luong, Phuong Hanh"]
[Black "Mendoza, Shania Mae"]
[Result "1/2-1/2"]
[WhiteTitle "WIM"]
[BlackTitle "WFM"]
[WhiteElo "2229"]
[BlackElo "2158"]
[WhiteFideId "12401013"]
[BlackFideId "5211158"]
[EventDate "2021.06.06"]

1. d4 d5 2. Nf3 Nf6 3. c4 c6 4. Qc2 e6 5. g3 Be7 6. Bg2 O-O 7. O-O Nbd7 8. Bf4
Re8 9. Rd1 b6 10. Ne5 Bb7 11. Nc3 Bf8 12. e4 h6 13. Nxd7 Nxd7 14. exd5 cxd5 15.
cxd5 exd5 16. Nxd5 Bxd5 17. Bxd5 Rc8 18. Qb3 Qf6 19. Rac1 g5 20. Rxc8 Rxc8 21.
Be5 Nxe5 22. dxe5 Qxe5 23. Bxf7+ Kg7 24. Bc4 Rc7 25. Qd3 Bc5 26. b3 Qf6 27. Rd2
Re7 28. Qd5 Qf8 29. h3 Re1+ 30. Kg2 Re7 31. a4 a5 32. Qc6 Qf6 33. Qa8 Qf8 34.
Qd5 Re8 35. Bb5 Re7 36. Bc4 Re8 37. Qc6 Re7 38. Qd5 1/2-1/2

[Event "Women's Speed Chess Q7"]
[Site "chess.com INT"]
[Date "2021.06.06"]
[Round "9"]
[White "Zaksaite, Salomeja"]
[Black "Torres Hernandez, Leslie Carolin"]
[Result "0-1"]
[WhiteTitle "WIM"]
[BlackTitle "WFM"]
[WhiteElo "2202"]
[BlackElo "1884"]
[WhiteFideId "12801496"]
[BlackFideId "8400504"]
[EventDate "2021.06.06"]

1. g3 c6 2. Bg2 d5 3. b3 Nf6 4. Bb2 g6 5. e3 Bg7 6. Ne2 O-O 7. O-O Nbd7 8. h3
Re8 9. d3 e5 10. Nd2 Qe7 11. Kh2 a5 12. a3 a4 13. b4 c5 14. c3 cxb4 15. cxb4 h5
16. e4 dxe4 17. dxe4 Nf8 18. Nc3 Be6 19. Nd5 Bxd5 20. exd5 h4 21. Re1 hxg3+ 22.
fxg3 Nh5 23. Nc4 Qg5 24. Qg4 Nh7 25. Qxg5 Nxg5 26. Nxe5 Rac8 27. d6 Rc2 28. d7
Rd8 29. Bd4 Bxe5 30. Bxe5 Rxd7 31. Bf4 Nf3+ 32. Kh1 Nxe1 33. Rxe1 Nxf4 34. gxf4
Rdd2 35. Bxb7 Ra2 36. b5 Rxa3 37. Bc6 Rxh3+ 38. Kg1 Rb2 39. Re8+ Kg7 40. Ra8 a3 0-1

[Event "Women's Speed Chess Q7"]
[Site "chess.com INT"]
[Date "2021.06.06"]
[Round "9"]
[White "Eswaran, Aksithi"]
[Black "Selkirk, Rebecca"]
[Result "0-1"]
[WhiteTitle "WCM"]
[BlackTitle "WCM"]
[WhiteElo "1745"]
[BlackElo "1799"]
[WhiteFideId "2083485"]
[BlackFideId "14306514"]
[EventDate "2021.06.06"]

1. e4 c6 2. d4 d5 3. exd5 cxd5 4. Bd3 Nc6 5. c3 Nf6 6. Nf3 Bg4 7. O-O e6 8. Nbd2
Bd6 9. h3 Bh5 10. Qc2 Rc8 11. Re1 O-O 12. a3 Bg6 13. Bxg6 hxg6 14. Ne5 Nxd4 15.
Qd3 Nc6 16. Nxc6 bxc6 17. Nf3 Bb8 18. Bg5 Qc7 19. Bxf6 gxf6 20. Rad1 c5 21. Qe3
Kg7 22. h4 Rh8 23. g3 c4 24. Kg2 Qb6 25. Nd4 Qxb2 26. Qf3 Qxa3 27. Rxe6 fxe6 28.
Nxe6+ Kf7 29. Ng5+ Kg7 30. Ne6+ Kf7 31. Qxd5 Qxc3 32. Nd8+ Kg7 33. Qf7+ Kh6 34.
Ne6 Rh7 35. g4 Rxf7 36. g5+ Kh7 37. gxf6 Qxf6 38. Ng5+ Kg7 39. Nxf7 Qxf7 40. Kf1
Bg3 41. Rd2 Rd8 42. Rxd8 Qxf2# 0-1

[Event "Women's Speed Chess Q7"]
[Site "chess.com INT"]
[Date "2021.06.06"]
[Round "9"]
[White "Varshini, V"]
[Black "Priyanka, K"]
[Result "1-0"]
[WhiteTitle "WGM"]
[BlackTitle "WIM"]
[WhiteElo "2226"]
[BlackElo "2218"]
[WhiteFideId "5091241"]
[BlackFideId "5082986"]
[EventDate "2021.06.06"]

1. e4 c5 2. Nc3 a6 3. Nge2 e6 4. g3 b5 5. Bg2 Bb7 6. d3 b4 7. Nb1 d5 8. Nd2 Nf6
9. O-O Nbd7 10. f4 dxe4 11. dxe4 e5 12. c3 Qc7 13. h3 Be7 14. Kh2 exf4 15. Nxf4
O-O 16. Nd5 Nxd5 17. exd5 Bd6 18. Ne4 Rad8 19. Nxd6 Qxd6 20. Bf4 Qg6 21. c4 Nb6
22. b3 Nc8 23. Rc1 Nd6 24. Qc2 Qxc2 25. Rxc2 Rfe8 26. Rff2 f6 27. Rfe2 Bc8 28.
Bxd6 Rxe2 29. Rxe2 Rxd6 30. Re8+ Kf7 31. Rxc8 Rd7 32. Rxc5 Kg6 33. Rc6 Re7 34.
Rxa6 Re2 35. d6 Rd2 36. c5 Rc2 37. d7 Rd2 38. c6 1-0

[Event "Women's Speed Chess Q7"]
[Site "chess.com INT"]
[Date "2021.06.06"]
[Round "9"]
[White "Tania, Sachdev"]
[Black "Gevorgyan, Maria"]
[Result "1-0"]
[WhiteTitle "IM"]
[BlackTitle "WGM"]
[WhiteElo "2392"]
[BlackElo "2219"]
[WhiteFideId "5007844"]
[BlackFideId "13300270"]
[EventDate "2021.06.06"]

1. d4 Nf6 2. c4 c5 3. d5 e6 4. Nc3 exd5 5. cxd5 d6 6. Nf3 g6 7. h3 Bg7 8. Bf4 a6
9. a4 O-O 10. e3 Re8 11. Be2 Qe7 12. O-O Nbd7 13. Nd2 Ne5 14. Bh2 b6 15. Re1 Bb7
16. f4 Ned7 17. Bf3 h6 18. e4 Nh7 19. Nc4 Bd4+ 20. Kh1 Bxc3 21. bxc3 b5 22. Na5
Ra7 23. Qd2 Rea8 24. e5 Qd8 25. Nc6 Bxc6 26. dxc6 Nb6 27. axb5 d5 28. e6 f5 29.
bxa6 Rxa6 30. e7 Qe8 31. Bxd5+ Kg7 32. Rxa6 Rxa6 33. c4 Ra7 34. Qc3+ Nf6 35. Qe5
Nc8 36. c7 Ra6 37. Bg1 Rd6 38. Bxc5 Rxd5 39. cxd5 Kf7 40. Bd4 1-0

[Event "Women's Speed Chess Q7"]
[Site "chess.com INT"]
[Date "2021.06.06"]
[Round "9"]
[White "Kazarian, Anna-Maja"]
[Black "Szente Varga, Fruzsina"]
[Result "0-1"]
[WhiteTitle "FM"]
[BlackTitle "WFM"]
[WhiteElo "2096"]
[BlackElo "2100"]
[WhiteFideId "1033689"]
[BlackFideId "712264"]
[EventDate "2021.06.06"]

1. e4 Nf6 2. e5 Nd5 3. d4 d6 4. c4 Nb6 5. exd6 exd6 6. Nf3 Be7 7. Be3 O-O 8.
Nbd2 Bf6 9. Bd3 Bg4 10. h3 Bxf3 11. Nxf3 Nc6 12. O-O g6 13. Re1 d5 14. c5 Nc8
15. Rc1 N8e7 16. Bh6 Re8 17. Bb1 Qd7 18. a3 Nf5 19. Be3 Bg7 20. b4 a6 21. Qb3
Re7 22. Bxf5 Qxf5 23. Red1 Rae8 24. a4 Qd7 25. b5 axb5 26. axb5 Nb8 27. Ra1 c6
28. bxc6 bxc6 29. Qb6 Qe6 30. Ra8 Nd7 31. Rxe8+ Rxe8 32. Qc7 h6 33. Rb1 Nf6 34.
Rb6 Rc8 35. Rb8 Rxb8 36. Qxb8+ Kh7 37. Qc7 Ne4 38. Qf4 g5 39. Qc7 g4 40. hxg4
Qxg4 41. Qxc6 Qf5 42. Qc7 Nc3 43. Kh2 Ne2 0-1

[Event "Women's Speed Chess Q7"]
[Site "chess.com INT"]
[Date "2021.06.06"]
[Round "9"]
[White "Kabanova, Ekaterina"]
[Black "Antolak, Julia"]
[Result "0-1"]
[WhiteTitle "WFM"]
[BlackTitle "WIM"]
[WhiteElo "2138"]
[BlackElo "2309"]
[WhiteFideId "24112917"]
[BlackFideId "1159569"]
[EventDate "2021.06.06"]

1. c4 e5 2. e3 Nf6 3. a3 d5 4. cxd5 Nxd5 5. Qc2 Bd6 6. Nf3 O-O 7. b4 a5 8. bxa5
Nc6 9. Bb2 Qe7 10. Bc4 Be6 11. h4 Rxa5 12. Ng5 g6 13. Nxe6 fxe6 14. Nc3 Qf6 15.
Nd1 Rc5 16. Qb3 Na5 17. Qa4 Nxc4 18. Bc3 Nxc3 19. dxc3 Nb6 20. Qb3 e4 21. h5 g5
22. h6 Nd5 23. c4 Qxa1 24. cxd5 Rxd5 25. O-O Qe5 26. g3 Qf6 27. Nc3 Rf5 28. Nxe4
Qxh6 29. Kg2 Qg7 30. Qxe6+ Qf7 31. Qh6 Re8 32. Nxg5 Qg7 33. Qxg7+ Kxg7 34. Nf3
Bxa3 35. Nd4 Rd5 36. Rb1 b6 37. Nb5 Bd6 38. Rc1 Rxb5 39. Rd1 Rc5 40. Rd4 b5 41.
Rg4+ Kf6 42. f4 Rb8 43. Kf3 b4 44. Rh4 b3 45. Rxh7 b2 46. Rh1 b1=Q 47. Rxb1 Rxb1
48. e4 Rc3+ 49. Kg4 Rg1 50. e5+ Bxe5 51. fxe5+ Kxe5 0-1

[Event "Women's Speed Chess Q7"]
[Site "chess.com INT"]
[Date "2021.06.06"]
[Round "9"]
[White "Avramidou, Anastasia"]
[Black "Gaponenko, Inna"]
[Result "1-0"]
[WhiteTitle "FM"]
[BlackTitle "IM"]
[WhiteElo "2238"]
[BlackElo "2357"]
[WhiteFideId "4239873"]
[BlackFideId "14101181"]
[EventDate "2021.06.06"]

1. d4 g6 2. c4 Bg7 3. Nc3 c5 4. d5 Bxc3+ 5. bxc3 f5 6. e4 fxe4 7. h4 Nf6 8. h5
Rg8 9. hxg6 hxg6 10. Bg5 d6 11. Ne2 Qa5 12. Qc2 Nbd7 13. Ng3 Ne5 14. Bxf6 exf6
15. Nxe4 Qd8 16. Qe2 Bf5 17. f4 Bxe4 18. Qxe4 Qa5 19. Rh3 f5 20. Qe2 O-O-O 21.
fxe5 dxe5 22. Kf2 e4 23. Kg1 Rde8 24. Rb1 f4 25. Qg4+ Kb8 26. Qxf4+ Ka8 27. Rh7
b6 28. Qc7 Qa6 29. a4 e3 30. Be2 Rh8 31. d6 Rhf8 32. Bf3+ Rxf3 33. gxf3 e2 34.
Re1 Rc8 35. Qxc8+ Qxc8 36. d7 Qd8 37. Rxe2 Qg5+ 38. Kf2 a5 39. Re8+ 1-0

[Event "Women's Speed Chess Q7"]
[Site "chess.com INT"]
[Date "2021.06.06"]
[Round "9"]
[White "Semenova, Elena1"]
[Black "Shuvalova, Polina"]
[Result "1-0"]
[WhiteTitle "WIM"]
[BlackTitle "IM"]
[WhiteElo "2246"]
[BlackElo "2489"]
[WhiteFideId "24125148"]
[BlackFideId "24171760"]
[EventDate "2021.06.06"]

1. e4 c6 2. d4 g6 3. Nd2 Bg7 4. Ngf3 d5 5. e5 Bg4 6. Bd3 e6 7. h3 Bxf3 8. Qxf3
Ne7 9. O-O c5 10. c3 Nbc6 11. Qe3 cxd4 12. cxd4 Qb6 13. Nf3 h5 14. Rd1 Rc8 15.
a3 Bh6 16. Qe2 Bxc1 17. Raxc1 O-O 18. Qe3 Kg7 19. Qg5 Ng8 20. Qf4 Qxb2 21. Rb1
Qxa3 22. Rxb7 Rb8 23. Rc7 Rbc8 24. Rb7 Qa4 25. Bxg6 Qxd1+ 26. Kh2 Nce7 27. Bxh5
Rc1 28. Qg5+ Kh8 29. Qh4 Qh1+ 30. Kg3 Nf5+ 31. Kg4 Nxh4 32. Nxh4 Rd1 33. Bxf7
Rxd4+ 34. f4 Rxf7 35. Rxf7 Qb1 36. Kg5 Qh7 37. Ng6+ Qxg6+ 38. Kxg6 Ne7+ 39. Rxe7 1-0

[Event "Women's Speed Chess Q7"]
[Site "chess.com INT"]
[Date "2021.06.06"]
[Round "9"]
[White "Zakirova, Aisha"]
[Black "Kotepalli, Sai Nirupama"]
[Result "0-1"]
[WhiteTitle "WCM"]
[BlackTitle "WFM"]
[WhiteElo "1585"]
[BlackElo "1914"]
[WhiteFideId "13719734"]
[BlackFideId "5039444"]
[EventDate "2021.06.06"]

1. d4 g6 2. c4 Bg7 3. Nc3 e6 4. e4 Ne7 5. Nge2 d5 6. cxd5 exd5 7. e5 O-O 8. Bg5
Be6 9. Qb3 b6 10. Nf4 c5 11. Nxe6 fxe6 12. dxc5 bxc5 13. Rd1 Nbc6 14. Be2 Bxe5
15. O-O Rb8 16. Qa3 Qd6 17. h3 Nd4 18. Bg4 Nef5 19. f4 Bg7 20. Bxf5 Rxf5 21. g4
Rf7 22. Kg2 Qb6 23. b3 Nc6 24. Bh4 Bxc3 25. Qc1 Bg7 26. Qe3 Rbf8 27. Qxe6 Nb4
28. Qe3 d4 29. Qe4 Qc6 30. Qxc6 Nxc6 31. Rc1 Rxf4 32. Rxf4 Rxf4 33. Rxc5 Nb4 34.
Rc4 Nd5 35. Rc8+ Kf7 36. Rd8 Ne3+ 37. Kg1 Rf1+ 38. Kh2 Be5+ 39. Bg3 Rf2+ 40. Kg1
Bxg3 41. Rxd4 Rg2+ 42. Kh1 Rxa2 43. Re4 Ra1# 0-1

[Event "Women's Speed Chess Q7"]
[Site "chess.com INT"]
[Date "2021.06.06"]
[Round "9"]
[White "Batsiashvili, Nino"]
[Black "Koridze, Lile"]
[Result "1/2-1/2"]
[WhiteTitle "GM"]
[BlackTitle "WFM"]
[WhiteElo "2491"]
[BlackElo "2016"]
[WhiteFideId "13602993"]
[BlackFideId "13612514"]
[EventDate "2021.06.06"]

1. d4 Nf6 2. Nf3 d5 3. g3 c5 4. Bg2 Nc6 5. O-O e6 6. c4 dxc4 7. dxc5 Qxd1 8.
Rxd1 Bxc5 9. Nbd2 O-O 10. Nxc4 Bd7 11. Nfe5 Nxe5 12. Nxe5 Bb5 13. Bf3 Rfd8 14.
Bg5 Rab8 15. Rxd8+ Rxd8 16. Rc1 Bb6 17. Ng4 Bd4 18. Bxf6 gxf6 19. Rc7 b6 20.
Nh6+ Kf8 21. Rxf7+ Ke8 22. Rxh7 Bxb2 23. Rxa7 Rd7 24. Rxd7 Kxd7 25. h4 Bc4 26.
h5 f5 27. Nf7 e5 28. h6 e4 29. Bh5 Ke7 30. Ng5 Bxa2 31. g4 Kf6 32. Nh3 fxg4 33.
Bxg4 Kg6 34. Nf4+ Kxh6 35. Bd7 Bd4 36. Ne6 Bc5 37. Nxc5 bxc5 38. Kf1 Kg5 39. Ke1
Kf4 40. Kd2 Ke5 41. Bc6 Bc4 42. e3 Bd3 43. Kc3 Bf1 44. Be8 Bd3 45. Bc6 Bf1 46.
Ba4 Bd3 47. Bc6 1/2-1/2

[Event "Women's Speed Chess Q7"]
[Site "chess.com INT"]
[Date "2021.06.06"]
[Round "9"]
[White "Dong, Khanh Linh"]
[Black "Nandhidhaa, P V"]
[Result "1-0"]
[WhiteTitle "WCM"]
[BlackTitle "WGM"]
[WhiteElo "1970"]
[BlackElo "2365"]
[WhiteFideId "12403040"]
[BlackFideId "5050847"]
[EventDate "2021.06.06"]

1. e4 c5 2. Nf3 e6 3. d4 cxd4 4. Nxd4 Nc6 5. Nc3 Qc7 6. a3 Be7 7. Be3 a6 8. Be2
Nf6 9. O-O O-O 10. f4 d6 11. Bf3 Bd7 12. Qe1 Nxd4 13. Bxd4 Bc6 14. Qg3 b5 15. e5
dxe5 16. Bxe5 Qb6+ 17. Kh1 Bxf3 18. Rxf3 g6 19. Qh4 Nd5 20. Nxd5 Bxh4 21. Nxb6
Rad8 22. a4 f6 23. Bc3 Rd6 24. a5 Rfd8 25. g3 Rd1+ 26. Rxd1 Rxd1+ 27. Kg2 Rc1
28. gxh4 Rxc2+ 29. Rf2 Rc1 30. Bxf6 Kf7 31. Bc3 Rd1 32. Rd2 Rc1 33. Nc8 Ke8 34.
Nd6+ Ke7 35. Ne4 h6 36. Bb4+ Ke8 37. Rd6 Rc2+ 38. Kf3 Rxb2 39. Rxe6+ Kd7 40.
Re7+ Kc6 41. Bd6 Rb3+ 42. Kf2 Rb2+ 43. Ke3 Rb3+ 44. Kd4 Rh3 45. Rc7# 1-0

[Event "Women's Speed Chess Q7"]
[Site "chess.com INT"]
[Date "2021.06.06"]
[Round "9"]
[White "Kulkarni, Bhakti"]
[Black "Tarasova, Viktoriya"]
[Result "1-0"]
[WhiteTitle "IM"]
[BlackTitle "WIM"]
[WhiteElo "2391"]
[BlackElo "2226"]
[WhiteFideId "5019516"]
[BlackFideId "4175840"]
[EventDate "2021.06.06"]

1. e4 c5 2. Nf3 d6 3. Bb5+ Nd7 4. O-O a6 5. Bxd7+ Bxd7 6. d4 cxd4 7. Qxd4 e5 8.
Qd3 h6 9. c4 Nf6 10. Nc3 Be7 11. Nd5 Nxd5 12. Qxd5 Bc6 13. Qd3 b5 14. Rd1 O-O
15. b3 Qc7 16. Ba3 Qb7 17. Nd2 Rfd8 18. Rac1 Rac8 19. f3 Bg5 20. Nf1 b4 21. Bb2
a5 22. Ne3 Qa7 23. Re1 a4 24. Rcd1 Ra8 25. Kh1 Bxe3 26. Rxe3 axb3 27. axb3 Qc7
28. Qb1 Rd7 29. Red3 g6 30. Qc1 Kg7 31. Qd2 Ra2 32. Bxe5+ dxe5 33. Qxa2 Rxd3 34.
Rxd3 f5 35. Qe2 fxe4 36. fxe4 Qb7 37. h3 Bxe4 38. Re3 Bc6 39. Rxe5 Qa6 40. Re7+
Kf8 41. Qe6 Qa1+ 42. Kh2 Qf1 43. Qe2 Qf4+ 44. Kh1 Qc1+ 45. Qe1 Qf4 46. Re2 Kg7
47. Rf2 Qd4 48. Qe7+ Kg8 49. Rf8# 1-0

[Event "Women's Speed Chess Q7"]
[Site "chess.com INT"]
[Date "2021.06.06"]
[Round "9"]
[White "Mkrtchian, Lilit"]
[Black "Bivol, Alina"]
[Result "1-0"]
[WhiteTitle "IM"]
[BlackTitle "WGM"]
[WhiteElo "2388"]
[BlackElo "2374"]
[WhiteFideId "13300601"]
[BlackFideId "4100123"]
[EventDate "2021.06.06"]

1. e4 e6 2. d4 d5 3. Nc3 Nf6 4. e5 Nfd7 5. f4 c5 6. Nf3 Nc6 7. Be3 a6 8. Qd2 b5
9. Nd1 Qb6 10. c3 b4 11. Be2 a5 12. O-O Ba6 13. Bxa6 Qxa6 14. Nf2 Be7 15. f5
exf5 16. dxc5 O-O 17. Qxd5 Rad8 18. Qd3 Qa7 19. Qxf5 bxc3 20. bxc3 g6 21. Qe4
Bxc5 22. Bxc5 Qxc5 23. e6 Nf6 24. exf7+ Rxf7 25. Qh4 Rd5 26. Kh1 Rh5 27. Qg3 Ne7
28. Qb8+ Kg7 29. Nd3 Qe3 30. Nf4 Rf5 31. Nd4 Rxf4 32. Qxf4 Qxc3 33. Ne6+ Kh8 34.
Qb8+ Neg8 35. Rac1 Qd3 36. Rcd1 Qe3 37. Nc7 Qe2 38. Nd5 Nxd5 39. Qb1 Rxf1+ 40.
Rxf1 Ngf6 41. Qa1 Kg7 42. g3 h5 43. Kg1 Qe3+ 44. Rf2 Kh6 45. Kg2 Ng4 46. Qh8+
Kg5 47. h4# 1-0

[Event "Women's Speed Chess Q7"]
[Site "chess.com INT"]
[Date "2021.06.06"]
[Round "9"]
[White "Nanditha, V"]
[Black "Kanyamarala, Trisha"]
[Result "1-0"]
[WhiteTitle "WCM"]
[BlackTitle "WIM"]
[WhiteElo "1666"]
[BlackElo "2180"]
[WhiteFideId "46626697"]
[BlackFideId "45004722"]
[EventDate "2021.06.06"]

1. e4 c5 2. Nf3 d6 3. d4 cxd4 4. Nxd4 Nf6 5. Nc3 a6 6. h3 Nc6 7. g4 e6 8. g5 Nd7
9. Be3 Be7 10. a4 Qc7 11. h4 Nce5 12. Qe2 b6 13. Bg2 Bb7 14. Rd1 Qc4 15. f4
Qxe2+ 16. Kxe2 Nc4 17. Bc1 Rc8 18. Rh3 Nc5 19. b3 Na5 20. b4 Nc6 21. Nxc6 Bxc6
22. bxc5 bxc5 23. Bd2 Rb8 24. Rb1 O-O 25. a5 Bb5+ 26. Nxb5 axb5 27. c3 Rb7 28.
Rb2 Ra8 29. Rh1 Rxa5 30. Rhb1 f6 31. c4 b4 32. e5 d5 33. cxd5 Rc7 34. d6 Bxd6
35. exd6 Rd7 36. f5 Kf7 37. fxe6+ Kxe6 38. Bh3+ f5 39. Rf1 g6 40. Ke1 Rxd6 41.
Bf4 Rd4 42. Bh2 Re4+ 43. Kd1 Ra1+ 44. Kc2 Rxf1 45. Bxf1 Rxh4 46. Bg1 Rg4 47.
Bxc5 Kd5 48. Bxb4 Rh4 49. Be2 Rh2 50. Kd1 Rh1+ 51. Be1 1-0

[Event "Women's Speed Chess Q7"]
[Site "chess.com INT"]
[Date "2021.06.06"]
[Round "9"]
[White "Fominykh, Maria"]
[Black "Zhuravleva, Olga"]
[Result "1-0"]
[WhiteTitle "WGM"]
[BlackTitle "WIM"]
[WhiteElo "2206"]
[BlackElo "2278"]
[WhiteFideId "4142411"]
[BlackFideId "4145933"]
[EventDate "2021.06.06"]

1. d4 g6 2. c4 Bg7 3. Nc3 d6 4. Nf3 Nc6 5. g3 e5 6. d5 Nce7 7. e4 h6 8. Bg2 f5
9. O-O Nf6 10. Ne1 O-O 11. Nd3 a6 12. f4 exf4 13. Nxf4 g5 14. Nd3 fxe4 15. Nxe4
Nxe4 16. Bxe4 Bd4+ 17. Kh1 Bh3 18. Bg2 Qd7 19. Bd2 Rxf1+ 20. Qxf1 Rf8 21. Qe2
Bxg2+ 22. Kxg2 Ng6 23. Qe4 Qg7 24. Rf1 Rxf1 25. Kxf1 Qf6+ 26. Kg2 Kg7 27. b3 Ne7
28. Qe2 Nf5 29. Nf2 Bxf2 30. Qxf2 Qe5 31. Qf3 Kg6 32. Bc3 Qe7 33. Qd3 Qf7 34. g4
h5 35. Qxf5+ Qxf5 36. gxf5+ Kxf5 37. Kf3 g4+ 38. Kg3 Ke4 39. Kh4 Kd3 40. Bf6 Ke4
41. Kxh5 Kf3 42. Bd8 g3 43. hxg3 Kxg3 44. Bxc7 Kf3 45. Bxd6 Ke4 46. Bb4 a5 47.
Bxa5 Ke5 48. Bc3+ Kd6 49. Kg6 b6 50. Kf5 Kc5 51. Ke4 b5 52. cxb5 Kd6 53. b6 Kc5
54. b7 Kb6 55. b8=Q+ Ka6 56. Qd6+ Kb5 57. Qc6# 1-0

[Event "Women's Speed Chess Q7"]
[Site "chess.com INT"]
[Date "2021.06.06"]
[Round "9"]
[White "Papp, Petra"]
[Black "Ambartsumova, Karina"]
[Result "1-0"]
[WhiteTitle "WGM"]
[BlackTitle "IM"]
[WhiteElo "2336"]
[BlackElo "2382"]
[WhiteFideId "739049"]
[BlackFideId "4166299"]
[EventDate "2021.06.06"]

1. e4 c5 2. d4 cxd4 3. c3 Nf6 4. e5 Nd5 5. Nf3 d6 6. Bc4 Nb6 7. Bb3 dxe5 8. Nxe5
e6 9. O-O Be7 10. cxd4 O-O 11. Nc3 N8d7 12. Bf4 Nf6 13. Bc2 Nbd5 14. Bg5 Bd7 15.
a3 a6 16. Qd3 g6 17. Bh6 Re8 18. Bb3 Rc8 19. Nxd5 Nxd5 20. Bxd5 exd5 21. Qf3 Be6
22. Rac1 Rxc1 23. Rxc1 Qd6 24. b4 Bf8 25. Bxf8 Rxf8 26. h4 h5 27. Qf6 Qd8 28.
Qxd8 Rxd8 29. Rc7 Rb8 30. Kf1 Kg7 31. Ke2 Kf8 32. Nd7+ Bxd7 33. Rxd7 Kg7 34. Kd3
Kf6 35. f3 Ke6 36. Rc7 f6 37. g3 g5 38. Rh7 gxh4 39. gxh4 Rg8 40. Rxh5 Rg3 41.
Ke3 Rg1 42. Rh7 Ra1 43. Rxb7 Rxa3+ 44. Kf4 Rd3 45. Rb6+ Kf7 46. h5 Rxd4+ 47. Kf5
Rh4 48. Rb7+ Kf8 49. Kg6 Rh1 50. h6 f5 51. h7 Rg1+ 52. Kf6 1-0

[Event "Women's Speed Chess Q7"]
[Site "chess.com INT"]
[Date "2021.06.06"]
[Round "9"]
[White "Jakubowska, Anna"]
[Black "Buksa, Nataliya"]
[Result "0-1"]
[WhiteTitle "WIM"]
[BlackTitle "IM"]
[WhiteElo "2073"]
[BlackElo "2413"]
[WhiteFideId "1121952"]
[BlackFideId "14123622"]
[EventDate "2021.06.06"]

1. e4 c5 2. Nc3 Nc6 3. g3 e6 4. Bg2 Nge7 5. d3 d5 6. exd5 Nxd5 7. Nxd5 exd5 8.
Ne2 Be7 9. O-O O-O 10. Nf4 d4 11. Re1 h6 12. Nd5 Bd6 13. Bf4 Bxf4 14. Nxf4 Bf5
15. Qh5 Qd7 16. Re2 Rae8 17. Rxe8 Rxe8 18. Qf3 Nb4 19. Qd1 g5 20. Ne2 Bg4 21. f3
Bh5 22. Qd2 Nd5 23. Re1 Bg6 24. c3 dxc3 25. bxc3 Nf6 26. d4 cxd4 27. Nxd4 Rxe1+
28. Qxe1 Nd5 29. h3 Qc8 30. Nb5 a6 31. Nd4 Qxc3 32. Qe8+ Kh7 33. Qe5 Qe3+ 34.
Qxe3 Nxe3 35. Bh1 Kg7 36. f4 gxf4 37. gxf4 b5 38. Kf2 Nc4 39. f5 Bh5 40. Bb7 a5
41. Nxb5 Kf6 42. Nd4 Bd1 43. Bd5 Nb6 44. Bb3 Bxb3 45. axb3 Ke5 46. Nc6+ Kxf5 47.
Nxa5 Ke4 48. Nc6 f5 49. b4 f4 50. b5 Nd5 0-1

[Event "Women's Speed Chess Q7"]
[Site "chess.com INT"]
[Date "2021.06.06"]
[Round "9"]
[White "Ortiz Verdezoto, Anahi"]
[Black "Mohota, Nisha"]
[Result "1-0"]
[WhiteTitle "WIM"]
[BlackTitle "IM"]
[WhiteElo "2013"]
[BlackElo "2195"]
[WhiteFideId "3614581"]
[BlackFideId "5004330"]
[EventDate "2021.06.06"]

1. e4 Nf6 2. e5 Nd5 3. d4 d6 4. c4 Nb6 5. Nf3 dxe5 6. Nxe5 N8d7 7. Nf3 g6 8. Nc3
Bg7 9. Be3 Nf6 10. h3 O-O 11. Bd3 Bf5 12. O-O Bxd3 13. Qxd3 c5 14. b3 cxd4 15.
Bxd4 Nh5 16. Rad1 Nf4 17. Qe4 Qc7 18. Nb5 Qb8 19. Bxg7 Kxg7 20. Qxe7 Re8 21. Qg5
h6 22. Qg4 h5 23. Qg5 a6 24. Nd6 Re6 25. Qxf4 Qf8 26. Ng5 Rf6 27. Qd4 Nd7 28.
Nge4 Qe7 29. Nxf6 Nxf6 30. Rfe1 Qd8 31. Nxb7 Qxd4 32. Rxd4 Rb8 33. Nc5 a5 34.
Rd6 Ne8 35. Rd7 Nf6 36. Ra7 Rc8 37. Nd7 Rc6 38. Nxf6 Rxf6 39. Ree7 Rf5 40. g3
Rf6 41. Kg2 h4 42. g4 Rf4 43. Rxa5 g5 44. Rxg5+ Kf6 45. Rge5 Kg6 46. Re4 Rf6 47.
c5 Rc6 48. b4 Kf6 49. R7e5 Rc8 50. Rf5+ Kg6 51. b5 Ra8 52. Re2 Ra5 53. c6 Ra3
54. Rc5 Rd3 55. c7 Rd1 56. c8=Q f6 57. Qf5+ Kf7 58. Rc7+ 1-0